| 000 | 00563nam a2200193 a 4500 | ||
|---|---|---|---|
| 001 | 61396 | ||
| 005 | 20180714063019.0 | ||
| 008 | 140826s2012 mx 000 spa d | ||
| 020 | _a978-607-607-07-1382-8 | ||
| 100 | 1 |
_aS. J. John Powell _eautor |
|
| 245 | 1 | 0 | _a¿Por qué tengo miedo de decirte quien soy? |
| 250 | _a1a. edición | ||
| 264 | 1 |
_aMéxico : _bDIANA _c2012 |
|
| 300 |
_a155 paginas ; _c16 cm. |
||
| 336 |
_atexto _2rdacontent |
||
| 337 |
_aa sin mediación _2rdamedia |
||
| 338 |
_avolumen _2rdacarrier |
||
| 650 | _aPsicología | ||
| 999 |
_c61396 _d61396 |
||